Políticas de marketing (Registro nro. 11381)

Detalles MARC
000 -Cabecera
Campo de control de longitud fija 01012nam a22003737a 4500
005 - Fecha y hora de la última transacción
Campo de control 20260209155712.0
008 - Elementos de longitud fija--Información general
Campo de control de longitud fija 181130b xxu||||| |||| 00| 0 spa d
020 ## - International Standard Book Number
Número Internacional Estándar del Libro (ISBN) 9786076226650
041 ## - Idioma
Código de idioma Español
082 ## - Clasificación Decimal Dewey
Número de clasificación 658.8 C117p
100 ## - Entrada principal--Autor personal
Nombre personal Cabrerizo, Montserrat
9 (RLIN) 50912
245 ## - Título propiamente dicho
Título Políticas de marketing
260 ## - Pie de imprenta
Lugar de publicación, distribución, etc. México
260 ## - Pie de imprenta
Nombre del editor, distribuidor, etc. Alfaomega
260 ## - Pie de imprenta
Fecha de publicación, distribución, etc. 2016
300 ## - Descripción física
Extensión 206 páginas
490 ## - Serie
Título de la Serie Dirección y Administración de Empresas
650 ## - Materia general
Temática (materia general) MARKETING
650 ## - Materia general
Temática (materia general) MARKETING ESTRATÉGICO
650 ## - Materia general
Temática (materia general) MARKETING OPERATIVO
650 ## - Materia general
Temática (materia general) POLÍTICA DE PRODUCTO
650 ## - Materia general
Temática (materia general) MERCADOTECNIA
650 ## - Materia general
Temática (materia general) PLANIFICACIÓN DE MARKETING
650 ## - Materia general
Temática (materia general) PLAN DE MARKETING
650 ## - Materia general
Temática (materia general) PRODUCTO
650 ## - Materia general
Temática (materia general) PRECIO
650 ## - Materia general
Temática (materia general) POLÍTICA DE PRECIO
650 ## - Materia general
Temática (materia general) ESTRATEGIAS DE PRECIOS
650 ## - Materia general
Temática (materia general) DISTRIBUCIÓN COMERCIAL
650 ## - Materia general
Temática (materia general) POLÍTICA DE DISTRIBUCIÓN
650 ## - Materia general
Temática (materia general) POLÍTICA DE COMUNICACIÓN
650 ## - Materia general
Temática (materia general) PLAN DE MARKETING
942 ## - Punto de acceso adicional KOHA
Tipo de ítem KOHA Libro
Fuente del sistema de clasificación o colocación Dewey Decimal Classification
Existencias
Signatura completa Código de barras Tipo de ítem
658.8 C117p 23792 Libro